000 00581nam a22001817a 4500
005 20251108174805.0
008 250721s2009 xx 000 0 ara d
082 1 4 _a616.8/أعظ
100 1 _aالأعظمي، سعيد رشيد
245 1 0 _aاضطرابات السلوك تشخيصها و الوقاية منها /
264 1 _aعمان :
_bدار جليس الزمان،
_c2009.
300 _a302ص.
650 1 7 _aعلم نفس الافراد
650 1 7 _aالاضطرابات الشخصية
650 1 7 _aالطب النفسي
942 _2ddc
_cBK
999 _c118124
_d118124